| 000 | 00973cam a2200277 a 4500 | ||
|---|---|---|---|
| 001 | 000013845 | ||
| 005 | 20200929163354.0 | ||
| 008 | 970910s1996 mx b 000 0 spa | ||
| 020 | _a9686075666 | ||
| 035 | _a(NcChVT)MN174BC043 | ||
| 040 |
_aDO-SdBNP _cDLC _dDLC |
||
| 043 | _an-mx--- | ||
| 082 |
_a335.82 _bS616 |
||
| 245 | 0 | 3 |
_aEl sindicalismo regional en los noventa / _cMaría Eugenia de la O Martínez y Víctor Alejandro Espinoza Valle ; coordinadores. |
| 260 |
_aTijuana, B.C., México : _bEl Colegio de la Frontera Norte, _c1996. |
||
| 300 |
_a140 p. ; _c21 cm. |
||
| 490 | 1 |
_aCOLEF _v4 |
|
| 504 | _aIncluye referencias bibliográficas. | ||
| 650 | 4 |
_aSindicalismo _zMéxico _931356 |
|
| 650 | 4 |
_aSindicatos _zMéxico _931357 |
|
| 700 | 1 |
_aO. Martinez, María Eugenia de la. _epról. _931358 |
|
| 700 | 1 |
_aEspinoza Valle, Víctor Alejandro, _epról. _d1958- _931359 |
|
| 830 | 0 |
_aCOLEF ; _v4 _931360 |
|
| 910 | _aCatalogación por copia / LC | ||
| 049 | _aBNGR | ||
| 999 |
_c13455 _d13455 |
||